000 00452nam a22001697a 4500
003 CEME
005 20210628210333.0
008 210216b xxu||||| |||| 00| 0 eng d
040 _c.
082 _a297 WAD
100 _aWadood Shah Akhundzada, Syed
_979040
245 _aIslam jadeed tahzib ka sarchashma
260 _aLAHORE
_bIDARA NAQASHBENDIA
_c1999
300 _a214P
650 _aISLAM-FOUNT OF MODERN CIVILIZATION
_979041
942 _cBK
_2ddc
999 _c584112
_d584112